000 00580nam a2200205Ia 4500
005 20250923144644.0
008 008 250917s9999 xx 000 0 eng d
037 _aTextual
040 _aDSWL
_beng
_cDSWL
041 _aeng
_2eng
084 _aY31:7:7.2:n3aS
_qDSWL
100 _aVarma, R.S.H.
_9827052
245 0 _aPathways to village uplift
_cby R.S.H. Varma
260 _aAllahabad
_bCayastha Pathshala Press
300 _axii,260p.
365 _aINR
_b1.50
925 _g1.50
942 _cTEXL
_hY31:7:7.2:n3aS
999 _c1441678
_d1441678